Score 0/25 Timer 08:00
4 Plays Today
% Correct
House, MD
95%
Game of Thrones
93.9%
Grey's Anatomy
93.1%
Breaking Bad
93%
LOST
92.5%
Orange is the New Black
92.5%
Downton Abbey
88%
Mad Men
86.8%
Sherlock
83.8%
The Sopranos
81.5%
House of Cards
80.1%
The Walking Dead
77.9%
Friday Night Lights
77.6%
% Correct
24
76.7%
Dexter
73.6%
Law and Order
69.1%
Prison Break
68.2%
Sons of Anarchy
66.6%
Smallville
61%
Marvel's Agents of S.H.I.E.L.D.
59.3%
Gossip Girl
57.3%
The O.C.
50.5%
Veronica Mars
49.2%
Justified
35.5%
Fringe
33.2%
Remove Ads.
Support Sporcle.
Get the best of Sporcle when you Go Orange. This ad-free experience offers more features, more stats, and more fun while also helping to support Sporcle. Thank you for becoming a member.

You're not logged in!

Compare scores with friends on all Sporcle quizzes.
OR
Log In

Show Comments

Extras

Top Quizzes Today


Score Distribution

Your Account Isn't Verified!

In order to create a playlist on Sporcle, you need to verify the email address you used during registration. Go to your Sporcle Settings to finish the process.

Report this User

Report this user for behavior that violates our Community Guidelines.

Details: